000 00277aas a2200097 4500
008 240222b |||||||| |||| 00| 0 eng d
245 _aIdentity culture & politics-Vol. 2, no. 1 (January 2001)
246 _aAn Afro-Asian-dialogue
260 _aCodesria :
_bICES,
_c2001
942 _cCR
999 _c4789
_d4789